It looks like you're offline.
Open Library logo
additional options menu

MARC Record from San Francisco Public Library

Record ID SanFranPL13/SanFranPL13.out:31023488:1669
Source San Francisco Public Library
Download Link /show-records/SanFranPL13/SanFranPL13.out:31023488:1669?format=raw

LEADER: 01669cam 2200373Ia 4500
001 ocmocm61389311
003 OCoLC
005 20051103091001.0
008 050830s2005 nyu 000 1 eng d
020 $a0345476654 (pbk.)
037 $aBRO-adap20051103-089
040 $aIWL$cIWL$dBAKER$dIUI$dUtOrBLW
049 $aSFRA
092 $aF$bStewart
100 1 $aStewart, Mariah.
245 10 $aCold truth :$ba novel /$cMariah Stewart.
260 $aNew York :$bBallantine Books,$cc2005.
300 $a373 p. ;$c18 cm.
610 10 $aUnited States.$bFederal Bureau of Investigation$vFiction.
650 0 $aMurder$xInvestigation$vFiction.
650 0 $aSerial murders$vFiction.
650 0 $aPolicewomen$vFiction.
907 $a.b19611547$b01-22-09$c09-26-05
998 $ac2$ag4$ag6$aylw$axfs$am8$b06-22-07$cm$da$e-$feng$gnyu$h0$i7
907 $a.b19611547$b05-24-07$c09-26-05
975 $aSFR
994 $aC0$bSFR
998 $a(2)yb$a(2)c2$a(2)g4$ag6$aylw$a(2)xfs$a(2)xgc$a(2)m8$ap3$b11-03-05$cm$da$e-$feng$gnyu$h0$i15
945 $aF Stewart$g1$i31223067299355$lc2aaa$ol$p$6.99$q-$r-$s-$t1$u9$v1$w2$x2$y.i42231966$z11-03-05
945 $aF Stewart$g1$i31223067299413$lg4aaa$ol$p$6.99$q-$r-$s-$t1$u5$v1$w1$x1$y.i4223198x$z11-03-05
945 $aF Stewart$g1$i31223067299397$lg6aaa$on$p$6.99$q-$r-$s-$t1$u8$v2$w4$x2$y.i42232089$z11-03-05
945 $aF Stewart$g1$i31223067299389$lylwaa$on$p$6.99$q-$r-$s-$t1$u4$v0$w0$x0$y.i42232107$z11-03-05
945 $aF Stewart$g1$i31223067299405$lxfsaa$o-$p$6.99$q-$r-$s-$t1$u14$v3$w3$x0$y.i42232053$z11-03-05
945 $aF Stewart$g1$i31223067299371$lm8aaa$ol$p$6.99$q-$r-$s-$t1$u2$v0$w1$x0$y.i42231991$z11-03-05